00252pab a2200097 454500008003600000100002300036245003000059650001800089650002500107773002200132180718b xxu||||| |||| 00| 0 eng d aKallukaren, Joseph aRelevance of John Matthai a Mathai, John aEconomic Development aFinancial Express